The Kent State coverup

Gespeichert in:  
Bibliographische Detailangaben
VerfasserInnen: Kelner, Joseph (Verfasst von) ; Munves, James (Verfasst von)
Medienart: Druck Buch
Sprache:Englisch
Veröffentlicht: New York Harper & Row 1980
In:Jahr: 1980
Bestand in Tübingen:In Tübingen vorhanden.
UB: KB 11 A 710
Verfügbarkeit prüfen: HBZ Gateway
Subito Bestelldienst: Jetzt bestellen.

MARC

LEADER 00000cam a22000002c 4500
001 1092984208
003 DE-627
005 20251224220452.0
007 tu
008 910129s1980 xx ||||| 00| ||eng c
035 |a (DE-627)1092984208 
035 |a (DE-576)022984208 
035 |a (DE-599)BSZ022984208 
035 |a (OCoLC)05241828 
040 |a DE-627  |b ger  |c DE-627  |e rakwb 
041 |a eng 
082 0 |a 378.771/37 
100 1 |a Kelner, Joseph  |4 aut 
245 1 4 |a The Kent State coverup  |c Joseph Kelner and James Munves 
264 1 |a New York  |b Harper & Row  |c 1980 
300 |a X, 306 S. 
336 |a Text  |b txt  |2 rdacontent 
337 |a ohne Hilfsmittel zu benutzen  |b n  |2 rdamedia 
338 |a Band  |b nc  |2 rdacarrier 
583 1 |a Archivierung prüfen  |c 20200919  |f DE-640  |z 1  |2 pdager 
700 1 |a Munves, James  |4 aut 
951 |a BO 
ELC |b 1 
LOK |0 000 xxxxxcx a22 zn 4500 
LOK |0 001 2158178728 
LOK |0 003 DE-627 
LOK |0 004 1092984208 
LOK |0 005 20020606000000 
LOK |0 008 910129||||||||||||||||ger||||||| 
LOK |0 040   |a DE-21  |c DE-627  |d DE-21 
LOK |0 852   |a DE-21 
LOK |0 852 1  |c KB 11 A 710  |9 00 
LOK |0 935   |a krim 
LOK |0 936ln  |a k10.3.2 
LOK |0 939   |a 29-01-91  |b l01 
ORI |a SA-MARC-krimdoka001.raw 
SIG |a UB: KB 11 A 710